00633cam a2200205 a 45000010005000000030008000050050017000130080041000300350030000710400027001010410008001280820025001361000026001612450074001872600055002613000033003165040046003496500015003957000017004108916BD-RjUL20211208234659.0140119r19501958enka b 001 0 eng d a(BD-RjUL)8961a0198520263 aDLCcDLCdBD-RjULbeng aeng00a621.89219bBOF 19581 aBowden, Frank Philip.14aThe friction and lubrication of solids /cby F.P. Bowden and D. Tabor aOxford :bClarendon Press,c1954 [Reprinted 1958]. axvii, 363 p. :bill ;c25 cm aIncludes bibliographies and author index. 0aTribology.1 aTabor, David